Fr. Conceicao Rodrigues College of Engineering

Word Perfect 6: Complete Reference (Record no. 29301)

MARC details
000 -LEADER
fixed length control field 00361nam a2200145Ia 4500
082 ## - DEWEY DECIMAL CLASSIFICATION NUMBER
Classification number 1.642
Item number PAN
100 ## - MAIN ENTRY--PERSONAL NAME
Personal name Wyatt/Allen/ Nameroff/S.
245 ## - TITLE STATEMENT
Title Word Perfect 6: Complete Reference
260 ## - PUBLICATION, DISTRIBUTION, ETC.
Name of publisher, distributor, etc. Osborne Mc graw Hill
Place of publication, distribution, etc. California
Date of publication, distribution, etc. 1993
300 ## - PHYSICAL DESCRIPTION
Extent 981
546 ## - LANGUAGE NOTE
Language note ENGLISH
654 ## - SUBJECT ADDED ENTRY--FACETED TOPICAL TERMS
Focus term Word perfect 6 Complete reference
942 ## - ADDED ENTRY ELEMENTS (KOHA)
Koha item type BOOK
Holdings
Withdrawn status Lost status Damaged status Not for loan Collection Home library Current library Shelving location Date acquired Source of acquisition Cost, normal purchase price Total Checkouts Full call number Barcode Date last seen Cost, replacement price Price effective from Koha item type
        CRC Fr. Agnel's C.Rodrigues College of Engineering Fr. Agnel's C.Rodrigues College of Engineering   17/03/2023 global books 630.80   1.642 PAN 5607 17/03/2023 630.80 17/03/2023 BOOK